000 00775nam a2200229 i 4500
001 bg
100 1 _aWIĄCEK, Zdzisław
245 1 0 _aNauka o korozji i ochronie metali :
_bćwiczenia laboratoryjne z Nauki o materiałach : wybrane zagadnienia /
_cZdzisław Wiącek ; Politechnika Lubelska.
260 _aLublin :
_bWydawnictwa Uczelniane PL,
_c1995.
300 _a128 s. :
_bfot., rys., wykr. ;
_c24 cm.
504 _aBibliogr. przy ćw.
521 _aDla kierunku Mechanika i Wychowanie Techniczne.
650 9 _aKorozja i erozja
_xzapobieganie
655 _aPodręczniki akademickie
020 _a8386333871
040 _cBPK
041 0 _apl
080 _a620.197(075.8)
920 _a83-86333-87-1
942 _cKS
008 s pl f |000 0 pol
999 _c24923
_d24923
856 _uhttp://koha.tu.koszalin.pl/cgi-bin/koha/opac-detail.pl?biblionumber=24923
_yKatalog online BPK